000 00430nam a22001817a 4500
003 MPLRDC
005 20220104175353.0
008 210129b ||||| |||| 00| 0 eng d
020 _a967-71-0087-4
082 _a524.935 BAS 1988
100 _aAMILIAH MOHD BASIR
245 _aGEOGRAFI SRP
_c
250 _a第三版
260 _a
_bPENERBITAN SIRI MAJU
_c1988
300 _b
650 _a
942 _cBK
_o524.935 BAS 1988
999 _c60343
_d60333